| 000 | 00574nam a2200145Ia 4500 | ||
|---|---|---|---|
| 008 | 100204s9999 xx 000 0 und d | ||
| 082 | _b18974 | ||
| 100 | _aढसाळ नामदेव ल. | ||
| 245 | _aया सत्तेत जीव रमत नाही | ||
| 260 |
_bअभिजात कम्युनिकेशन एन्ड पब्लि. मुं. _c1995 |
||
| 300 | _a134 | ||
| 630 | _aया सत्तेत जीव रमत नाही | ||
| 730 | _aया सत्तेत जीव रमत नाही | ||
| 942 | _cBOOK | ||
| 999 |
_c463397 _d463394 |
||